banner-ar

طريقة الدكتور بايك الطبيعية للراحة التامة للمعدة / (Record no. 60782)

MARC details
000 -الفاتح
حقل البيانات ثابتة الطول 01010nam a22002657a 4500
005 - وقت وتاريخ اخر تعامل مع التسجيلة
رقم الضبط 20240530110428.0
008 - عناصر البيانات ثابتة الطول - معلومات عامة
حقل البيانات ثابتة الطول 150328s2011 su d g b 000 0 ara d
017 ## - رقم الايداع القانونى
رقم الايداع القانونى 1429/5128
المصدر ( الهيئة المختصة) مصر . دار الكتب المصرية
020 ## - الرقم الدولى المعيارى للكتب
الرقم الدولى المعيارى للكتاب 3581549960978
040 ## - مصدر الفهرسة
وكالة الفهرسة الأصلية EG-CaGPL
082 04 - رقم تصنيف ديوى العشرى
رقم الطبعة 21
رقم التصنيف 613.26\
رقم المادة ب ط
100 1# - المدخل الرئيسى - إسم شخصى
الإسم الشخصى بايك ، روب
الشكل الأكمل للاسم روب بايك
245 10 - بيان العنوان
العنوان طريقة الدكتور بايك الطبيعية للراحة التامة للمعدة /
بيان المسئوليه,etc روب بايك ؛ نقله الى العربية سامر عبدالمحسن الايوبى
250 ## - بيان الطبعة
بيان الطبعة ط1
260 ## - PUBLICATION, DISTRIBUTION, ETC. (IMPRINT)
تاريخ النشر أو التوزيع 2011
300 ## - الوصف المادى
التعداد 374 ص :
تفاصيل ماديه اخرى للوعاء ايض ؛
أبعاد الوعاء 24 سم
504 ## - تبصرة ببليوجرافية
تبصرة ببليوجرافية,الخ ببليوجرافية : ص 369 - 374
650 04 - المدخل الاضافى بالموضوع-مصطلح موضوعى
مصطلح موضوعي المعدة
650 04 - المدخل الاضافى بالموضوع-مصطلح موضوعى
مصطلح موضوعي التغذية
650 04 - المدخل الاضافى بالموضوع-مصطلح موضوعى
مصطلح موضوعي الرجيم
650 04 - المدخل الاضافى بالموضوع-مصطلح موضوعى
مصطلح موضوعي الجهاز الهضمى
700 0# - المدخل الاضافى - اسم شخصى
الإسم الشخصى عبدالمحسن الايوبى
الدور مترجم
942 ## - عناصر المدخل الإضافي( كوها)
مصدر التصنيف او مخطط الترفيف Dewey Decimal Classification
Koha [default] item type كتاب
260 ## - PUBLICATION, DISTRIBUTION, ETC. (IMPRINT)
-- الرياض :
-- مكتبة العبيكان ،
Holdings
حالة التراجع حالة الفقد حالة تلف ليس للاعارة المكان المؤقت الموقع الحالى تاريخ الاكتساب اجمالي اﻻعارات رقم الطلب الباركود تاريخ اخر مشاهدة تاريخ تفعيل السعر نوع وعاء كوها
        مكتبة القاهرة الكبرى مكتبة القاهرة الكبرى 03/28/2015   613.26\ ب ط 159916 03/28/2015 03/28/2015 كتاب

Powered By

EGPV